000 00855nam a22002297a 4500
005 20250509142809.0
008 250509b |||||||| |||| 00| 0 eng d
020 _a978-81-972939-1-7 (pbk)
037 _cTB
040 _aCRL
_cCRL
041 _2Pun
_aPun
084 _aO153,6x R4
_qCRL
100 _aਝਾਂਜੀ, ਸੰਜੀਵ
_9784001
245 _aਜਿੱਤ ਦੇ ਦੀਵੇ
260 _aਨਾਭਾ, ਭਾਰਤ:
_bਪ੍ਰੀਤ ਪਬਲਿਕੇਸਨ,
_c2024.
300 _a137ਪ.
365 _b250.00
_cINR
650 _aਪੰਜਾਬੀ ਸਾਹਿਤ
_9784002
650 _aਪੰਜਾਬੀ ਨਿਬੰਧ
_9784003
942 _2CC
_cTB
_hO153,6x R4
_n0
999 _c1400707
_d1400707